000 00575cam a2200229 4500
001 ABS67705
008 040408n2004 000 0 eng u
035 _a(Sirsi) u125805
245 _aRegional survey: North-West
260 _c2004
490 _aProperty Week
_v69(10) 5 March 2004, 67-92(12)
590 _aABS
590 _aABS
650 _aNORTHWEST ENGLAND
650 _aLIVERPOOL
650 _aMANCHESTER
650 _aINDUSTRIAL MARKET
650 _aOFFICE MARKET
650 _aLEISURE INDUSTRY
690 _aCOMMERCIAL PROPERTY-MARKET
942 _n0
999 _c117190
_d117190